L'équipage aux Cents Bêtes (One Piece) - Statistiques

Statistiques générales
  • Ce quiz a été pris 215 fois
  • Le résultat moyen est 19 sur 50
Statistiques - réponses
Hint Réponse % Correct
Capitaine Kaido
100%
Calamité, surnommé la Pandémie Queen
99%
Calamité, surnommé l'Incendie King
98%
Calamité, surnommé la Sècheresse Jack
97%
Tobiroppo, Infiltré au sein de l'équipage X Drake
94%
Tobiroppo, détenteur du fruit du spinosaure Page One
88%
Tobiroppo, soeur du précédent Ulti
88%
Tobiroppo, dirigeante du quartier des plaisirs Black Maria
87%
Tobiroppo, ex-membre du CP9 Who's Who
86%
Headliner, membre des 11 Supernovae Basil Hawkins
82%
Informateur, membre des 11 Supernovae Scratchmen Apoo
79%
Tobiroppo, leader des Cuirassés Sasaki
72%
Headliner, utilisatrice du Smile du cheval Speed
59%
Gifters, Smile de la chauve souris Batman
52%
Gifters, Smile de la gazelle Gazelleman
48%
Headliner, boss de Bakura Holdem
48%
Headliner, boss de la prison d'Udon Babanuki
43%
Gifters, Smile de l'alpaga Alpagaman
41%
Gifters, Smile de la souris Mouseman
39%
Headliner, directeur adjoint d'Udon (scorpion) Daifugo
35%
Headliner, Antagoniste de l'arc Zo Sheep's Head
33%
Gifters, Smile du Serpent Snakeman
30%
Headliner, utilisateur du Smile de la girafe Hamlet
26%
Gifters, Smile du Lapin Rabbitman
25%
Headliner, directrice adjointe d'Udon (singe) Solitaire
24%
Headliner, utilisateur du Smile du crotale Poker
23%
Headliner, leader des Marys Bao Huang
22%
L'homme de Fer, gardien d'une ile de Kaido Scotch
22%
Headliner, directeur adjoint d'Udon (hippo) Dobon
19%
Headliner, utilisateur du Smile du gorille Briscola
18%
Gifters, Mary, Smile du Caiman Caimanlady
18%
Headliner, groupe de Jack Gin Rummy
18%
Numbers, numéro 8 Hatcha
18%
Numbers, numéro 10 Juki
16%
Gifters, Smile du tatou Madilloman
16%
Headliner, utilisateur du Smile du coq Four Tricks
15%
Gifters, Professeure Sarahebi
15%
Numbers, numéro 5 Goki
14%
Numbers, numéro 2 Fuga
13%
Numbers, numéro 4 Jaki
13%
Numbers, numéro 1 Inbi
12%
Numbers, numéro 6 Rokki
12%
Gifters, Smile du Carlin, arme de Black Maria Wanyudo
12%
Gifters, Smile de l'Autruche Dachoman
11%
Numbers, numéro 9 Kunyun
11%
Headliner, utilisatrice du Smile du gorille Mizerka
11%
Numbers, numéro 7 Nagi
11%
Gifters, Smile de la Couleuvre Nure Onna
11%
Numbers, numéro 3 Zanki
11%
Gifters, Smile du Serpent blanc Tenjo Sagari
9%
Aucun quiz correspondant
Distribution des résultats
% des personnes avec chaque résultat
Percentile par nombre de réponses
Votre historique - résultats
Vous n’avez pas pris ce quiz